000
00230nam a22000857a 4500
008
161116b xxu||||| |||| 00| 0 eng d
100
_9
1257
_a
Bond. R
245
_a
Animals you can`t forget
260
_a
New delhi
_b
National book trust
_c
2007
999
_c
3960
_d
3960